Asian Capitals by Images - Part II - Statistics

General Stats
  • This quiz has been taken 58 times
  • The average score is 16 of 24
Answer Stats
Picture Answer % Correct
Bangkok
100%
New Delhi
100%
Sana'a
92%
Beijing
83%
Dili
83%
Kathmandu
83%
Muscat
83%
Tehran
83%
Ankara
75%
Ashgabat
75%
Dushanbe
75%
Jakarta
75%
Kuala Lumpur
75%
Nicosia
75%
Pyongyang
75%
Hanoi
67%
Islamabad
67%
Naypyidaw
67%
Abu Dhabi
50%
Ulaanbaatar
50%
Tbilisi
42%
Baghdad
33%
Malé
17%
Tashkent
17%
No matching quizzes found
Score Distribution
Percent of People with Each Score
Percentile by Number Answered
Your Score History
You have not taken this quiz